Malcolm in the middle characters - Statistics

General Stats
  • This quiz has been taken 25 times
    23 since last reset
  • The average score is 15 of 102
Answer Stats
Answer % Correct
reese
100%
hal
95%
malcolm
95%
dewey
91%
francis
91%
lois
91%
jamie
73%
stevie
68%
craig
64%
abe
55%
cynthia
50%
eric
50%
otto
50%
piama
50%
ida
45%
kitty
45%
gretchen
41%
spangler
41%
dabney
32%
lloyd
27%
jessica
23%
victor
23%
chad
18%
lavernia
18%
egg
14%
nikki
14%
polly
14%
richie
14%
caroline
9%
kevin
9%
stanley
9%
alison
5%
BB
5%
bob
5%
boone
5%
brian
5%
daisy
5%
diane
5%
eddie
5%
joe
5%
julie
5%
justin
5%
kathy
5%
lionel
5%
pete
5%
sara
5%
steve
5%
susan
5%
walter
5%
zoe
5%
amaani
0%
artie
0%
barton
0%
beth
0%
big kathy
0%
big tony
0%
bill
0%
Brittany
0%
carlo
0%
carrie
0%
charles
0%
circus
0%
dave
0%
david
0%
dorene
0%
drew
0%
Dumont
0%
flora
0%
footy
0%
hanson
0%
ira
0%
jerome
0%
judas
0%
ken
0%
landon
0%
leland
0%
louise
0%
malik
0%
mannfred
0%
marcus
0%
matt
0%
meagan
0%
mike
0%
noah
0%
oliver
0%
peter
0%
raduca
0%
ralph
0%
rob
0%
Roberta
0%
roy
0%
rusty
0%
scurry
0%
sophie
0%
stone
0%
sylvia
0%
thunder
0%
trey
0%
Trish
0%
wendy
0%
No matching quizzes found
Score Distribution
Percent of People with Each Score
Percentile by Number Answered
Your Score History
You have not taken this quiz since the last reset